North American Comedians Quiz - Statistics

General Stats
  • This quiz has been taken 21 times
    20 since last reset
  • The average score is 12 of 72
Answer Stats
Comedian % Correct
Dave Chappelle
75%
Charlie Murphy
67%
Eddie Murphy
67%
Richard Pryor
67%
Adam Sandler
42%
Chris Rock
42%
George Carlin
42%
Jerry Seinfeld
42%
Robin Williams
42%
Bill Burr
33%
Kevin Hart
33%
Norm Macdonald
33%
Rodney Dangerfield
33%
Will Ferrell
33%
Bill Cosby
25%
Don Rickles
25%
Jim Carey
25%
Johnny Carson
25%
Louis C.K.
25%
Steve Martin
25%
Woody Allen
25%
Andrew Dice Clay
17%
Andrew Schulz
17%
Bill Hicks
17%
Cedric the Entertainer
17%
Curly Howard
17%
Jamie Foxx
17%
Jim Norton
17%
Leslie Nielsen
17%
Mitch Hedberg
17%
Moe Howard
17%
Nikki Glaser
17%
Patrice O’Neal
17%
Steve Harvey
17%
Tony Hinchcliffe
17%
Adam Ray
8%
Ari Shaffir
8%
Bernie Mac
8%
Bert Kreischer
8%
Bobby Lee
8%
Donnell Rawlings
8%
Eric Andre
8%
Gabriel Iglesias
8%
Greg Giraldo
8%
Jim Gaffigan
8%
Joe List
8%
Larry Fine
8%
Paul Mooney
8%
Roy Wood Jr
8%
Sam Kinison
8%
Shane Gillis
8%
Ali Siddiq
0%
Brian Regan
0%
Chris Tucker
0%
Craig Shoemaker
0%
Daniel Tosh
0%
Emo Philips
0%
Gilbert Gottfried
0%
Joey Diaz
0%
Kenan Thompson
0%
Larry David
0%
Lavell Crawford
0%
Lewis Black
0%
Luis J Gomez
0%
Maria Bamford
0%
Patton Oswalt
0%
Pete Davidson
0%
Ron White
0%
Steven Wright
0%
Theo Von
0%
Weird Al Yankovic
0%
Zach Galifianakis
0%
No matching quizzes found
Score Distribution
Percent of People with Each Score
Percentile by Number Answered
Your Score History
You have not taken this quiz since the last reset